| 000 | 01169nam a22002537a 4500 | ||
|---|---|---|---|
| 005 | 20170124103144.0 | ||
| 010 | _aB-069835 | ||
| 020 |
_c195.00 _a8126704500 |
||
| 035 | _aB-069835 | ||
| 037 | _bCen Lib/Ret | ||
| 040 |
_aDPL _bHN |
||
| 082 |
_a305.4 _bशर्माक्ष |
||
| 100 |
_aशर्मा, क्षमा _985594 |
||
| 245 |
_aस्त्रीत्ववादी विमर्श : _cक्षमा शर्मा _bसमाज और साहित्य / |
||
| 246 |
_aStreetvvadi vimarsh : samaj aur sahitye / _bby Shama Sharma |
||
| 260 |
_bराजकमल प्रकाशन _c2002 _aनई दिल्ली |
||
| 270 |
_a1-बी, नेताजी सुभाष मार्ग _bनई दिल्ली _e110002 |
||
| 300 |
_a166पृ. _c20सेमी(सजिल्द) |
||
| 650 |
_aसमाज -- स्त्री का सम्मान _985595 |
||
| 650 |
_aपत्रकारिता में महिलाएँ _985596 |
||
| 650 |
_aSociety - respecting woman _985597 |
||
| 650 |
_aWomen in Journalism _985598 |
||
| 942 |
_2ddc _cHN _h305.4 _mशर्माक्ष |
||
| 999 |
_c119565 _d119565 |
||